000 01593cam a22004457a 4500
001 000093655
003 CHAP
005 20220329142945.0
008 050419d2004 mx a r 00110 spa d
010 _a90121
011 _a91093
035 _a101651
040 _cCHAP
090 _aTesis
100 0 0 _aGarza Catalan, Alberto.
_947023
245 1 0 _aDiagnóstico de la situación actual de la rosa mexicana en el mercado de Estados Unidos de Norteamérica /
_c/por Alberto Garza Catalan.
260 _aChapingo, Méx. :
_bEl autor,
_c2004.
300 _a174 h. : ilus.
502 _aTesis (Ing. Agr. Esp. en Fitotecnia) - - UACH. Departamento de Fitotecnia
590 _aALEPH
_b10
_c20130110
_lUCH01
_h1505
590 _aBATCH-UPD
_b10
_c20130110
_lUCH01
_h0618
590 _aBATCH-UPD
_b10
_c20130110
_lUCH01
_h2350
590 _aBATCH-UPD
_b10
_c20130410
_lUCH01
_h0300
590 _aBATCH-UPD
_b10
_c20130914
_lUCH01
_h2009
590 _aBATCH-UPD
_b10
_c20140324
_lUCH01
_h1450
590 _aBATCH-UPD
_b10
_c20141002
_lUCH01
_h0826
590 _aCONVERSION
_b10
_c20130109
_lUCH01
_h1350
590 _aE5765TAJ
_b10
_c20130627
_lUCH01
_h1113
650 1 4 _aRosas
_xImportación.
_999974
650 1 4 _aRosas
_xMercadeo.
_999978
650 1 4 _aRosas
_xMéxico.
_999979
650 1 4 _aRosas
_xProducción.
_999985
856 _3Finding aid
_uhttp://10.13.5.2/tesis/101651.pdf
_zTeclea aquí
901 _aBK
905 _aLilia
942 _cFOLL
942 _n0
949 _aTesis
_bBC
_cTES
_d1016511
_eTS1
_h43809
_i101651
_sb
949 _aTesis
_bBC
_cTES
_d33724000946364
_eTS2
_fc.2
_h43810
_i101651
_si
999 _c90121
_d90121